A new Aristotle reader

El profesor J. L. Ackrill de la Universidad de Oxford edita este libro con algunos de los textos fundamentales de Aristóteles. Se realiza un análisis sobre los principales elementos de traducción a tener en cuenta en la lectura del Estagirita. En este sentido, refleja una labor de orden pedagógica p...

Popoln opis

Shranjeno v:
Bibliografske podrobnosti
Format: Knjiga
Jezik:Undetermined
Izdano: Oxford, Estados Unidos Princeton University Press 1989
Teme:
Oznake: Označite
Brez oznak, prvi označite!

MARC

LEADER 00000nam a2200000Ia 4500
008 170316s9999 xx 000 0 und d
040 |a cru BVZT 
090 |a 100 A-36an 
245 2 |a A new Aristotle reader  |c / J. L. Ackrill, editor 
260 |a Oxford, Estados Unidos  |b Princeton University Press  |c 1989 
300 |a 580 páginas 
520 |a El profesor J. L. Ackrill de la Universidad de Oxford edita este libro con algunos de los textos fundamentales de Aristóteles. Se realiza un análisis sobre los principales elementos de traducción a tener en cuenta en la lectura del Estagirita. En este sentido, refleja una labor de orden pedagógica para aquellos lectores que no manejan el griego. La selección de textos viene acompañada de una reflexión que pone de relieve la vigencia de los problemas implícitos, así como la perennidad de otros. El abanico temático está compuesto por la lógica, la filosofía natural, la metafísica y la filosofía práctica 
650 |a FILOSOFÍA  |9 5 
650 |a ARISTÓTELES  |9 665 
650 |a LÓGICA  |9 121 
650 |a METAFÍSICA  |9 239 
999 |c 15547  |d 15547 
942 |c 15 D  |h 100 A-36an  |2 z